000
00210 a2200097 4500
001
22854
100
_a
Fitzerald, S M
245
_a
Basic Electrical Engineering
260
_a
_b
Mcgraw
_c
090
_c
15462
_d
15462
942
_a
NUST-CAE
_c
M
_c
6072
999
_c
257927
_d
257927